[Event "Oberbayern Bezirksliga 1617"]
[Site "Germany"]
[Date "2017.04.30"]
[Round "9.3"]
[White "Richter, Martin2"]
[Black "Balder, Robert Paul"]
[Result "1-0"]
[WhiteElo "2025"]
[BlackElo "1940"]
[PlyCount "65"]
[EventDate "2016.10.16"]
[EventType "team-tourn"]
[EventRounds "9"]
[EventCountry "GER"]
[SourceTitle "EXT 2019"]
[Source "ChessBase"]
[SourceDate "2018.10.10"]
[SourceVersion "1"]
[SourceVersionDate "2018.10.10"]
[SourceQuality "1"]
[WhiteTeam "Pang/Rosenheim"]
[BlackTeam "Wolfratshausen"]
[WhiteTeamCountry "GER"]
[BlackTeamCountry "GER"]

1. d4 d5 2. c4 dxc4 3. Nf3 Nf6 4. e3 e6 5. Bxc4 c5 6. Nc3 a6 7. a4 Be7 8. 0-0 Nc6 9. d5 exd5 10. Nxd5 Nxd5 11. Bxd5 Nb4 12. Be4 Qxd1 13. Rxd1 Rb8 14. Bd2 Bf6 15. Bc3 Ke7 16. Bxf6+ Kxf6 17. Rd6+ Ke7 18. Rad1 b6 19. Ne5 Be6 20. f4 Rhd8 21. Rxd8 Rxd8 22. Rxd8 Kxd8 23. Bxh7 g6 24. e4 Ke7 25. f5 gxf5 26. Bxf5 Bxf5 27. exf5 Kf6 28. Nd7+ Kxf5 29. Nxb6 Nd3 30. Nc4 Ke6 31. g3 Kd5 32. b3 Kd4 33. h4 1-0

[Event "Oberbayern Bezirksliga 1617"]
[Site "Germany"]
[Date "2017.03.19"]
[Round "7.2"]
[White "Balder, Robert Paul"]
[Black "Schlosser, Andree"]
[Result "0-1"]
[WhiteElo "1940"]
[BlackElo "2121"]
[PlyCount "70"]
[EventDate "2016.10.16"]
[EventType "team-tourn"]
[EventRounds "9"]
[EventCountry "GER"]
[SourceTitle "EXT 2019"]
[Source "ChessBase"]
[SourceDate "2018.10.10"]
[SourceVersion "1"]
[SourceVersionDate "2018.10.10"]
[SourceQuality "1"]
[WhiteTeam "Wolfratshausen"]
[BlackTeam "Fuerstenfeldbruck"]
[WhiteTeamCountry "GER"]
[BlackTeamCountry "GER"]

1. c4 e5 2. Nc3 Nc6 3. Nf3 Nf6 4. e3 d5 5. cxd5 Nxd5 6. Bb5 Nxc3 7. bxc3 Bd7 8. d4 Bd6 9. e4 Qe7 10. 0-0 0-0 11. d5 Nb8 12. Be2 a5 13. Be3 Na6 14. Nd2 Rfd8 15. Qc2 Bc5 16. Bxa6 Rxa6 17. Bxc5 Qxc5 18. a4 Rg6 19. Kh1 b6 20. f3 h5 21. Qd3 h4 22. f4 h3 23. gxh3 exf4 24. Rxf4 Bxa4 25. Raf1 Be8 26. Nb3 Qa3 27. Nd4 c6 28. dxc6 Rxc6 29. R4f3 Rg6 30. Qc4 Qe7 31. Rf4 Qe5 32. Qe2 Rc8 33. Qe1 b5 34. Rh4 Bd7 35. Rhf4 Bxh3 0-1